|
|
|
|
| LEADER |
01056nam a2200337 4500 |
| 001 |
DLU190194064 |
| 005 |
##20191223 |
| 020 |
# |
# |
|a 9786045407622
|
| 040 |
# |
# |
|a DLU
|b vie
|
| 041 |
# |
# |
|a vie
|
| 044 |
# |
# |
|a vn
|
| 082 |
# |
# |
|a 807.12
|b NG-C
|
| 100 |
# |
# |
|a Nguyễn Viết Chữ.
|
| 245 |
# |
# |
|a Phương pháp dạy học tác phẩm văn chương :
|b Theo loại thể /
|c Nguyễn Viết Chữ.
|
| 250 |
# |
# |
|a In lần thứ bảy.
|
| 260 |
# |
# |
|a H. :
|b Đại học Sư phạm,
|c 2015.
|
| 300 |
# |
# |
|a 172 tr. ;
|c 21 cm.
|
| 504 |
# |
# |
|a Tài liệu tham khảo: tr. 170-171.
|
| 505 |
# |
# |
|a Phần một. Những vấn đề chung của phương pháp dạy học tác phẩm văn chương -- Phần hai. Phương pháp dạy học tác phẩm văn chương theo loại thể.
|
| 650 |
# |
# |
|a Văn học
|x Dạy và học.
|
| 923 |
# |
# |
|a 07/2019
|
| 991 |
# |
# |
|a SH
|
| 992 |
# |
# |
|a 44000
|
| 994 |
# |
# |
|a DLU
|
| 900 |
# |
# |
|a True
|
| 911 |
# |
# |
|a Nguyễn Thanh Hương
|
| 925 |
# |
# |
|a G
|
| 926 |
# |
# |
|a A
|
| 927 |
# |
# |
|a SH
|
| 980 |
# |
# |
|a Thư viện Trường Đại học Đà Lạt
|